रैदास ग्रंथावली / (Record no. 120185)

MARC details
000 -LEADER
fixed length control field 01285nam a22002657a 4500
005 - DATE AND TIME OF LATEST TRANSACTION
control field 20170124103154.0
010 ## - LIBRARY OF CONGRESS CONTROL NUMBER
LC control number B-115005
020 ## - INTERNATIONAL STANDARD BOOK NUMBER
Terms of availability 350.00
International Standard Book Number 8190158309
035 ## - SYSTEM CONTROL NUMBER
System control number B-115005
037 ## - SOURCE OF ACQUISITION
Source of stock number/acquisition Cen Lib/Ret
040 ## - CATALOGING SOURCE
Original cataloging agency DPL
Language of cataloging HN
082 ## - DEWEY DECIMAL CLASSIFICATION NUMBER
Classification number 821.08
Item number रैदास
245 ## - TITLE STATEMENT
Title रैदास ग्रंथावली /
Statement of responsibility, etc संपादक एन.सिंह
246 ## - VARYING FORM OF TITLE
Title proper/short title Raidas granthawali /
Remainder of title sampadak N.Singh
260 ## - PUBLICATION, DISTRIBUTION, ETC. (IMPRINT)
Place of publication, distribution, etc गाजियाबाद
Name of publisher, distributor, etc साहित्य संस्थान
Date of publication, distribution, etc 2003
270 ## - ADDRESS
City गाजियाबाद
Address ई-10/660, उत्तरांचल कॉलोनी, (निकट संगम हॉल ), लोनी बॉर्डर
300 ## - PHYSICAL DESCRIPTION
Extent 275पृ.
Dimensions 21सेमी(सजिल्द)
500 ## - GENERAL NOTE
General note संदर्भ शामिल
650 ## - SUBJECT ADDED ENTRY--TOPICAL TERM
Topical term or geographic name as entry element हिन्दी -- रैदास -- सामाजिक चेतना
9 (RLIN) 6711
650 ## - SUBJECT ADDED ENTRY--TOPICAL TERM
Topical term or geographic name as entry element हिन्दी -- रैदास काव्य में भक्ति का स्वरुप
9 (RLIN) 89036
650 ## - SUBJECT ADDED ENTRY--TOPICAL TERM
Topical term or geographic name as entry element Hindi - Radas - social consciousness
9 (RLIN) 89037
650 ## - SUBJECT ADDED ENTRY--TOPICAL TERM
Topical term or geographic name as entry element Hindi - Radas poetic form of devotion
9 (RLIN) 89038
700 ## - ADDED ENTRY--PERSONAL NAME
Personal name एन.सिंह
9 (RLIN) 89039
942 ## - ADDED ENTRY ELEMENTS (KOHA)
Source of classification or shelving scheme Dewey Decimal Classification
Koha item type Hindi Books
Classification part 821.08
Call number suffix रैदास
Holdings
Withdrawn status Lost status Damaged status Not for loan Home library Current library Date acquired Source of acquisition Cost, normal purchase price Total Checkouts Full call number Barcode Date last seen Date checked out Copy number Cost, replacement price Price effective from Koha item type
        Central Library Central Library 21/09/2015 Cen Lib/Ret 350.00 1 821.08 रैदास B-115005 26/12/2017 20/12/2017 1 350.00 21/09/2015 Hindi Books

© Delhi Public Library
Hit Counter
free hit counter